00289nam a2200121Ia 4500008004100000041000800041082001200049100001700061245001900078260003500097300002400132365001100156240624s9999 xx 000 0 und d aeng a823 BIN aBINCHY MAEVE aRETURN JOURNEY c2010aLondonbOrion Books Ltd. a359 : p. : cm. ; 17 cRSb20